10 największych języków romańskich - Statystyki

Ogólne statystyki
  • Ten quiz został rozwiązany 408 razy
  • Średni wynik to 5 z 10
Statystyki odpowiedzi
Głośniki ca. Język % Poprawnych
322 mil. hiszpański
94%
62 mil. włoski
93%
77 mil. francuski
92%
177 mil. portugalski
91%
24 mil. rumuński
84%
6,7 mil. kataloński
39%
3,2 mil. galicyjski
15%
4,8 mil. sycylijski
15%
9,1 mil. lombardzki
4%
3,1 mil. piemoncki
4%
Nie znaleziono quizów pasujących do podanych kryteriów
Rozkład punktacji
Procent ludzi z każdym wynikiem
Percentyl według liczby udzielonych odpowiedzi
Twoja historia wyników
Nie rozwiązałeś tego quizu